000 00606nam a22001817a 4500
999 _c191432
_d191432
005 20220825171904.0
010 _aENG-134696
020 _a9789390082148
_c250.00
035 _aEN-118228
037 _bDBAD/PUB
082 _a954.31
100 _aPeriakaruppan, P.
245 _aReforms in urban tamil nadu: lessons from jnnurm/
_cP. Periakaruppan
260 _aMadurai
_bShanlax publications
_c2020
270 _a61,66 T.P.K. main road vasantha nagar
_bmadurai
_e625003
_k7639303383
_mpublisher@shanlaxpublications.com
300 _a191 p.
_c22cm (pbk)
942 _2ddc
_cEN
_h954.31
_mPER